000 01066cam a22003015a 4500
001 018280464
003 OSt
005 20201128024320.0
008 161014t2017 at a frb 001 0 eng d
020 _a9781473729735
040 _aUK-WkNB
_beng
_cUK-WkNB
_dUk
_dEG-ScBUE
082 0 4 _a658.022
_222
_bSTO
100 1 _aStokes, David
_q(David R.)
_936153
240 1 0 _aSmall business management
245 1 0 _aSmall business management and entrepreneurship /
_cDavid Stokes and Nicholas Wilson.
250 _a7th ed.
260 _aHampshire :
_bCengage Learning,
_cc.2017.
300 _axvii, 493 p. :
_bill. ;
_c25 cm.
500 _aRevised edition of: Small business management / D.R. Stokes, London : DP Publications, 1992.
504 _aIncludes bibliographical references and index.
650 7 _aSmall business
_xManagement.
_2BUEsh
_9238
650 7 _aNew business enterprises
_xManagement.
_2BUEsh
_933316
650 7 _aEntrepreneurship.
_2BUEsh
_9240
651 _2BUEsh
653 _bGGEN
_bBUSADM
_cApril2018
700 1 _aWilson, Nicholas.
942 _2ddc
999 _c26520
_d26492